000
00308nam a2200121Ia 4500
008
250110s9999 xx 000 0 und d
041
_a
eng
100
_a
Jain Prachi
_9
182890
245
_a
City Centre Pune
260
_b
BNCA B-Arch ID, Pune
_c
2016
300
_a
110p
700
_a
Guide Name:Modak S N
_9
210567
999
_c
363759
_d
363759